Responses for show #1740 - Friday, March 6, 1992

1992 Teen Tournament final game 2.

Contestants

Jill Young, a junior from Oshkosh, Wisconsin (subtotal of $2,100)

April McManus, a senior from Woodbury, Minnesota (subtotal of $12,000)

Cori Van Noy, a sophomore from San Diego, California (subtotal of $5,200)

Jeopardy! Round responses

THE 1980s
ANIMATED FILMS
FROG ANATOMY
THE BIBLE
SWEET TREATS
RHYME TIME
    $100 11
Beijing

Jill
    $100 1
Beauty and the Beast

Cori
    $100 26
the frog's heart

Jill
    $100 23
the fig tree

Jill
    $100 6
Animal Crackers

Cori
    $100 18
a dark park

Jill
    $200 12
Speaker of the House

Triple Stumper
    $200 2
The Jetsons

Jill
    $200 27
the frog's tongue

April
    $200 22
Egypt

April
    $200 7
Cracker Jack

Jill
    $200 19
an ape cape

Jill
    $300 13
Nelson Mandela

Jill
    $300 3
The Little Mermaid

Jill
    $300 28
(Jill: What is the large intestine?)

the bladder

Jill
Triple Stumper
    $300 21
a lamb

April
    $300 8
Twinkies

Cori
    $300 20
a cheap jeep

April
    $400 14
Romania

April
    $400 4
101 Dalmatians

Jill
    $400 29
a frog liver

April
    $400 17
Solomon

Cori
    $400 9
Toll House Cookies

Jill
    $400 24
a neck peck

April
    $500 15
Czechoslovakia

April
    $500 5
The Land Before Time

Cori
    $500 30
the frog's eyelid

Jill
    $500 16
gopher wood

April
    $500 10
(Jill: What is Baby Ruth?)

Chunky

Jill
Triple Stumper
    $500 25
a quiet riot

Jill

Scores at the first commercial break (after clue 15):

Cori April Jill
$1,000 $900 $1,400

Scores at the end of the Jeopardy! Round:

Cori April Jill
$1,400 $3,200 $2,600

Double Jeopardy! Round responses

U.S. GEOGRAPHY
LAW & GOVERNMENT
THE BYRDS & THE BEAS
DANCE
HOLIDAYS & OBSERVANCES
SHAKESPEAREAN CHARACTERS
    $200 16
the Mississippi

April
    $200 3
Legislative

Jill
    $200 15
Bea Arthur

Jill
    $200 26
the Rockettes

April
    $200 21
New Year's Day

April
    $200 1
the three witches

Cori
    $400 17
Alaska

April
    $400 4
the American flag

April
    $400 14
(Alex: Admiral Richard Byrd. Yes.)

Admiral Byrd

April
    $400 27
the can-can

April
    $400 22
(April: What is San Francisco?)

Chicago

CoriApril
    $400 2
Ophelia

Jill
    $600 18
Kentucky

April
    $800 6
the Equal Rights Amendment

Jill
    $600 13
Beatrix Potter

Cori
    $600 28
a waltz

April
    $600 23
Rosh Hashanah

Triple Stumper
    $600 5
Desdemona

Jill
    $800 19
New Orleans

April
    $800 7
The Know-Nothings

Cori
    $800 11
Robert Byrd

April
    $800 29
the minuet

Triple Stumper
    $800 24
the Old North Church

Jill
    $2,000 8
King Lear

Cori
    $1000 20
(Cori: What is the Colorado River?)

the Columbia River

Cori
Triple Stumper
    $1000 10
the Alien & Sedition Acts

April
    $1000 12
(Alex: Yes, Queen Beatrix.)

the Netherlands

April
    $1000 30
Alvin Ailey

Cori
    $1000 25
St. Valentine's Day

April
    $1000 9
Merchant of Venice

Jill

Scores at the end of the Double Jeopardy! Round:

Cori April Jill
$5,400 $10,800 $6,600
(lock tournament)

[wagering suggestions for these scores]

Final Jeopardy! Round responses

20th CENTURY VICE PRESIDENTS
(Alex: Who is Teresa Campbell?)
(April: She gave me the pumpkin. [Holds up a small pumpkin] She's one of my really good friends.)
(Alex: You put down her name?)
(April: I knew it was Nixon.)
(Alex: You knew it was Nixon, but you didn't want to risk anything.)
(April: I promised her I'd say "Hi", but you wouldn't let me.)
CoriWho is Nixon?
$0
JillWho is [Kennedy and Nixon scribbled out] Kennedy
$1,800
AprilWho is Teresa M. Campbell?
$0
Richard Nixon

Final scores:

Cori April Jill
$5,400 $10,800 $4,800

Cumulative scores:

Cori April Jill
$10,600 $22,800 $6,900
1st runner-up: $10,600 Tournament champion: $25,000 2nd runner-up: $7,500

Game dynamics:

Coryat scores:

Cori April Jill
$4,200 $10,800 $6,400
11 R
(including 1 DD),
1 W
23 R
(including 1 DD),
1 W
20 R
(including 1 DD),
2 W

Combined Coryat: $21,400

The J! Archive is created by fans, for fans. The Jeopardy! game show and all elements thereof, including but not limited to copyright and trademark thereto, are the property of Jeopardy Productions, Inc. and are protected under law. This website is not affiliated with, sponsored by, or operated by Jeopardy Productions, Inc. Join the discussion at JBoard.tv.